All Slovak cities quiz - Statistics

General Stats
  • This quiz has been taken 2,198 times
    1,814 since last reset
  • The average score is 50 of 141
Answer Stats
Population City % Correct
475577 Bratislava
99%
227458 Košice
90%
75317 Banská Bystrica
84%
83897 Prešov
81%
77610 Nitra
79%
63194 Trnava
79%
54458 Trenčín
78%
81940 Žilina
78%
49430 Poprad
76%
51769 Martin
69%
36253 Michalovce
64%
32643 Komárno
63%
30355 Liptovský Mikuláš
63%
9478 Banská Štiavnica
62%
27043 Ružomberok
60%
35138 Spišská Nová Ves
59%
30579 Bardejov
58%
40239 Zvolen
58%
23009 Dunajská Streda
57%
30925 Humenné
57%
37270 Nové Zámky
56%
31440 Levice
55%
20131 Senec
54%
44355 Prievidza
53%
19956 Brezno
52%
18917 Malacky
52%
22963 Čadca
51%
19489 Nové Mesto nad Váhom
51%
38125 Považská Bystrica
51%
19620 Senica
50%
15098 Galanta
49%
24838 Pezinok
49%
27307 Piešťany
49%
18465 Snina
49%
21842 Rimavská Sobota
48%
23077 Trebišov
48%
17916 Dolný Kubín
47%
25614 Lučenec
47%
10842 Myjava
46%
15379 Kežmarok
44%
17347 Rožňava
44%
11432 Bytča
43%
14151 Levoča
43%
12288 Sabinov
43%
15501 Skalica
43%
24804 Topoľčany
43%
17246 Žiar nad Hronom
43%
7618 Námestovo
42%
17253 Púchov
42%
16943 Bánovce nad Bebravou
41%
5591 Ilava
41%
20820 Šaľa
41%
13847 Detva
40%
22286 Dubnica nad Váhom
40%
20274 Hlohovec
40%
5872 Medzilaborce
40%
15832 Stará Ľubovňa
39%
14509 Kysucké Nové Mesto
38%
21176 Partizánske
38%
9591 Štúrovo
38%
20955 Vranov nad Topľou
37%
11811 Zlaté Moravce
37%
11273 Revúca
36%
3851 Vysoké Tatry
36%
10072 Svidník
35%
4983 Bojnice
34%
4870 Kremnica
34%
9349 Modra
34%
15501 Sereď
34%
9952 Stropkov
34%
6311 Turčianske Teplice
34%
7480 Vrútky
34%
9861 Fiľakovo
33%
5913 Sobrance
33%
5886 Gelnica
32%
16007 Handlová
32%
8870 Tvrdošín
31%
10866 Veľký Krtíš
31%
3944 Leopoldov
30%
5786 Žarnovica
30%
13605 Šamorín
29%
1365 Dudince
27%
7527 Krupina
27%
5235 Poltár
27%
3978 Trenčianske Teplice
27%
5250 Gabčíkovo
26%
12659 Stupava
26%
11129 Holíč
25%
7087 Liptovský Hrádok
25%
7375 Hurbanovo
24%
10211 Moldava nad Bodvou
23%
6983 Nová Baňa
23%
7160 Šahy
23%
7124 Trstená
23%
8348 Veľký Meder
23%
4167 Nováky
22%
5859 Rajec
22%
4828 Sliač
22%
7703 Svit
22%
10516 Kolárovo
21%
6446 Lipany
20%
10632 Nová Dubnica
20%
2208 Spišská Stará Ves
20%
8565 Stará Turá
20%
5945 Svätý Jur
20%
3524 Čierna nad Tisou
19%
8689 Krompachy
19%
9477 Šurany
19%
6708 Želiezovce
19%
5390 Sládkovičovo
18%
6887 Tornaľa
18%
8488 Vráble
18%
4915 Gbely
17%
7462 Kráľovský Chlmec
17%
3974 Giraltovce
16%
6714 Hnúšťa
16%
6704 Spišská Belá
16%
5129 Dobšiná
15%
2851 Rajecké Teplice
15%
4908 Šaštín-Stráže
15%
8563 Sečovce
15%
8679 Veľké Kapušany
15%
6595 Veľký Šariš
15%
7095 Hriňová
14%
1632 Modrý Kameň
14%
3775 Spišské Podhradie
14%
3693 Tisovec
14%
4755 Brezová pod Bradlom
13%
3171 Jelšava
13%
6616 Krásno nad Kysucou
13%
7121 Turzovka
13%
4122 Medzev
12%
6317 Nemšová
12%
4238 Strážske
12%
5698 Vrbové
12%
3752 Hanušovce nad Topľou
11%
4988 Nesvady
10%
4161 Turany
10%
3060 Podolínec
9%
3362 Spišské Vlachy
9%
3618 Tlmače
8%
No matching quizzes found
Score Distribution
Percent of People with Each Score
Percentile by Number Answered
Your Score History
You have not taken this quiz since the last reset